=LDR 00000nam 2200000 4500 =001 INLIS000000000048360 =005 20161025121023.0 =006 =007 =008 =020 ##$$a 979-95109-8-8 =035 ##$$0010-101600000000118 =040 ##$$a NBPDMAT =082 ##$$a 362.293 026 =090 ##$$a 362.293 026$bInd u =100 ##$$a Indonesia =245 ##$$a Undang-undang nomor 22 tahun 1997 tentang Narkotika di lengkapi Undang-undang tentang pengadilan anak 1997 Keppres pengawasan dan pengendalian minuman beralkohol =260 ##$$a Jakarta $b Mitra Info $c 1997 =300 ##$$a vii, 296 hlm. ; 22 cm. =650 ##$$a Narkotika - Undang-undang =850 ##$$a NBPDMAT =990 ##$$a 31600027